<?xml version='1.0' encoding='UTF-8'?>
  <record xmlns="http://www.loc.gov/MARC21/slim">
    <leader>00000cam a22000007i 4500</leader>
    <controlfield tag="001">ocm64303869</controlfield>
    <controlfield tag="003">OCoLC</controlfield>
    <controlfield tag="005">20250315000110.4</controlfield>
    <controlfield tag="008">870107s1787    ne            000 0 lat d</controlfield>
    <datafield tag="040" ind1=" " ind2=" ">
      <subfield code="a">NLGGC</subfield>
      <subfield code="b">dut</subfield>
      <subfield code="e">fobidrtb</subfield>
      <subfield code="c">NLGGC</subfield>
      <subfield code="d">OCLCO</subfield>
      <subfield code="d">OCLCL</subfield>
      <subfield code="d">OCLCQ</subfield>
    </datafield>
    <datafield tag="029" ind1="0" ind2=" ">
      <subfield code="a">NLGGC</subfield>
      <subfield code="b">036090379</subfield>
    </datafield>
    <datafield tag="035" ind1=" " ind2=" ">
      <subfield code="a">(OCoLC)64303869</subfield>
    </datafield>
    <datafield tag="100" ind1="1" ind2=" ">
      <subfield code="a">Bleuland, J.</subfield>
      <subfield code="q">(Janus),</subfield>
      <subfield code="d">1756-1838.</subfield>
      <subfield code="1">https://id.oclc.org/worldcat/entity/E39PBJckKbHQ988VTHQBjfryVC</subfield>
    </datafield>
    <datafield tag="245" ind1="1" ind2="0">
      <subfield code="a">Jani Bleuland medicinæ doctoris Tractatus de difficili aut impedito alimentorum ex ventriculo in duodenum  progressu, observationibus clinicis atque tabulis anatomico pathologicis illustratus.</subfield>
    </datafield>
    <datafield tag="246" ind1="3" ind2=" ">
      <subfield code="a">Tractatus de difficili aut impedito alimentorum ex ventriculo in duodenum  progressu, ...</subfield>
    </datafield>
    <datafield tag="260" ind1=" " ind2=" ">
      <subfield code="a">Lugduni Batavorum :</subfield>
      <subfield code="b">apud Abrahamum et Janum Honkoop,</subfield>
      <subfield code="c">1787.</subfield>
    </datafield>
    <datafield tag="300" ind1=" " ind2=" ">
      <subfield code="a">[8], 144 p., [6] bl. pl. :</subfield>
      <subfield code="b">ill. ;</subfield>
      <subfield code="c">in-4.</subfield>
    </datafield>
    <datafield tag="336" ind1=" " ind2=" ">
      <subfield code="a">tekst</subfield>
      <subfield code="b">txt</subfield>
      <subfield code="2">rdacontent/dut</subfield>
    </datafield>
    <datafield tag="337" ind1=" " ind2=" ">
      <subfield code="a">zonder medium</subfield>
      <subfield code="b">n</subfield>
      <subfield code="2">rdamedia/dut</subfield>
    </datafield>
    <datafield tag="338" ind1=" " ind2=" ">
      <subfield code="a">band</subfield>
      <subfield code="b">nc</subfield>
      <subfield code="2">rdacarrier/dut</subfield>
    </datafield>
    <datafield tag="500" ind1=" " ind2=" ">
      <subfield code="a">* 4 A-S 4.</subfield>
    </datafield>
    <datafield tag="500" ind1=" " ind2=" ">
      <subfield code="a">Met 6 uitslaande gravures.</subfield>
    </datafield>
    <datafield tag="510" ind1="0" ind2=" ">
      <subfield code="a">BMN 1-103</subfield>
    </datafield>
    <datafield tag="530" ind1=" " ind2=" ">
      <subfield code="a">Titel is geselecteerd voor digitalisering voor de Universiteit van Amsterdam in het kader van het Google Books-project.</subfield>
    </datafield>
    <datafield tag="710" ind1="0" ind2=" ">
      <subfield code="a">Honkoop, Abraham (II, Leiden)</subfield>
      <subfield code="4">prt</subfield>
      <subfield code="0">(NL-LeOCL)077131223</subfield>
    </datafield>
    <datafield tag="710" ind1="0" ind2=" ">
      <subfield code="a">Honkoop, Jan (Leiden)</subfield>
      <subfield code="4">prt</subfield>
      <subfield code="0">(NL-LeOCL)077131231</subfield>
    </datafield>
    <datafield tag="758" ind1=" " ind2=" ">
      <subfield code="a">Jani Bleuland medicinae doctoris tractatus de difficili aut impedito alimentorum ex ventriculo in duodenum progressu, observationibus clinicis atque tabulis anatomico pathologicis illustratus (Text)</subfield>
      <subfield code="1">https://id.oclc.org/worldcat/entity/E39PCYBxwvdgy3tpjb7dcM68vd</subfield>
      <subfield code="4">https://id.oclc.org/worldcat/ontology/hasWork</subfield>
    </datafield>
    <datafield tag="776" ind1="0" ind2=" ">
      <subfield code="t">Jani Bleuland medicinæ doctoris Tractatus de difficili aut impedito alimentorum ex ventriculo in duodenum  progressu, observationibus clinicis atque tabulis anatomico pathologicis illustratus</subfield>
      <subfield code="w">(NL-LeOCL)396609368</subfield>
    </datafield>
    <datafield tag="776" ind1="0" ind2=" ">
      <subfield code="t">Jani Bleuland medicinæ doctoris Tractatus de difficili aut impedito alimentorum ex ventriculo in duodenum  progressu, observationibus clinicis atque tabulis anatomico pathologicis illustratus</subfield>
      <subfield code="w">(NL-LeOCL)396609376</subfield>
    </datafield>
    <datafield tag="776" ind1="0" ind2=" ">
      <subfield code="t">Jani Bleuland medicinæ doctoris Tractatus de difficili aut impedito alimentorum ex ventriculo in duodenum  progressu, observationibus clinicis atque tabulis anatomico pathologicis illustratus</subfield>
      <subfield code="w">(NL-LeOCL)401681254</subfield>
    </datafield>
    <datafield tag="936" ind1=" " ind2=" ">
      <subfield code="a">BATCHLOAD</subfield>
    </datafield>
  </record>